Corporate Financial (Record no. 3960)

MARC details
005 - DATE AND TIME OF LATEST TRANSACTION
control field 20250613092040.0
020 ## - INTERNATIONAL STANDARD BOOK NUMBER
International Standard Book Number 0-07-255592-0
082 ## - DEWEY DECIMAL CLASSIFICATION NUMBER
Classification number 658.15ROS
100 ## - MAIN ENTRY--PERSONAL NAME
Author name STEPHEN A. ROSS
245 ## - TITLE STATEMENT
Title Corporate Financial
250 ## - EDITION STATEMENT
Edition statement 6th Ed
260 ## - PUBLICATION, DISTRIBUTION, ETC.
Place of publication, distribution, etc. USA,
Name of publisher, distributor, etc. New York,
Date of publication, distribution, etc. 2002.
300 ## - PHYSICAL DESCRIPTION
Extent xxiv,897p, ill, table, figure, picture
Other physical details Appendix, Grossary, Index
Dimensions 26cm
700 ## - ADDED ENTRY--PERSONAL NAME
Other authors/Editors RANDOLPH W,. WESTERFIELD & JEFFEREY JAFFE
942 ## - ADDED ENTRY ELEMENTS (KOHA)
Source of classification or shelving scheme Dewey Decimal Classification
Koha item type Books
Holdings
Date last seen Total checkouts Full call number Barcode Cost, replacement price Price effective from Koha item type Lost status Source of classification or shelving scheme Damaged status Not for loan Withdrawn status Home library Current library Shelving location Date acquired Cost, normal purchase price
06/13/2025   658.15ROS DOM000627 315000.00 06/13/2025 Books   Dewey Decimal Classification       CBE Dodoma CBE Dodoma General Collection 04/26/2010 105000.00